[Event "FRA-chT"]
[Site "FRA"]
[Date "1996.??.??"]
[Round "?"]
[White "Redon, Bruno"]
[Black "Jost, Claude"]
[Result "1-0"]
[WhiteElo "2220"]
[BlackElo "2300"]
[PlyCount "81"]
[EventDate "1996.??.??"]
[Source "ChessBase"]

1. e4 e5 2. Nf3 Nc6 3. c3 Nf6 4. d4 Nxe4 5. d5 Nb8 6. Nxe5 Bc5 7. Qg4 O-O 8.
Qxe4 d6 9. Be3 Bxe3 10. Qxe3 Re8 11. Be2 Rxe5 12. Qd2 Qe7 13. f4 Re4 14. Kf2
Nd7 15. Na3 Nf6 16. Rhe1 Bf5 17. Bf3 Re8 18. Nc2 Qd7 19. Nd4 Rxe1 20. Rxe1 Ne4+
21. Bxe4 Bxe4 22. Qe3 Qa4 23. b3 Qxa2+ 24. Re2 Qa6 25. Qf3 f5 26. Qh5 g6 27.
Qg5 Qb6 28. Kg3 Kf7 29. Qh6 Kg8 30. b4 Qa6 31. Re3 Qf1 32. Nf3 Qd1 33. h3 Qxd5
34. h4 Qf7 35. Nd4 Re7 36. h5 gxh5 37. Qg5+ Kh8 38. Nxf5 Qxf5 39. Qxe7 Kg8 40.
Qe8+ Kg7 41. Rxe4 1-0

[Event "FRA-chT"]
[Site "FRA"]
[Date "1996.??.??"]
[Round "?"]
[White "Relange, Eloi"]
[Black "Bellet, Georges"]
[Result "1/2-1/2"]
[WhiteElo "2450"]
[BlackElo "2205"]
[PlyCount "71"]
[EventDate "1996.??.??"]
[Source "ChessBase"]

1. e4 c5 2. Nf3 d6 3. d4 cxd4 4. Nxd4 Nf6 5. Nc3 a6 6. Be2 e6 7. O-O Qc7 8. a4
Nbd7 9. f4 b6 10. Bf3 Bb7 11. Qe2 Rc8 12. Kh1 Qc4 13. Qf2 h5 14. Be3 Ng4 15.
Qd2 Nxe3 16. Qxe3 Nf6 17. e5 Ng4 18. Qd2 Bxf3 19. Nxf3 dxe5 20. Rad1 Qc7 21.
Nxe5 Bb4 22. Rf3 Nxe5 23. fxe5 O-O 24. Qg5 Bxc3 25. Rxc3 Qb7 26. Rg3 g6 27. c3
Qe4 28. h3 Rc5 29. Qxh5 Rxe5 30. Qh6 Rd5 31. Rf1 Rfd8 32. Rg4 Qe5 33. Rgf4 R8d7
34. Rf6 Qe4 35. R6f4 Qe5 36. Rf6 1/2-1/2

[Event "FRA-chT"]
[Site "FRA"]
[Date "1996.??.??"]
[Round "?"]
[White "Relange, Eloi"]
[Black "Marcantoni, Herve"]
[Result "1/2-1/2"]
[WhiteElo "2450"]
[BlackElo "2255"]
[PlyCount "76"]
[EventDate "1996.??.??"]
[Source "ChessBase"]

1. d4 Nf6 2. Nf3 g6 3. g3 Bg7 4. Bg2 O-O 5. c4 d6 6. O-O Nc6 7. Nc3 e5 8. d5
Ne7 9. b4 e4 10. Nd4 Nf5 11. Nb3 Re8 12. e3 h5 13. Qc2 Qe7 14. Rb1 Nh6 15. h4
Nhg4 16. Bb2 Bf5 17. Nd4 Bh6 18. Nxf5 gxf5 19. Ne2 Kh7 20. Nf4 Rg8 21. Qe2 Bxf4
22. exf4 Nd7 23. Qc2 Rg6 24. Rbe1 Rag8 25. Bd4 c5 26. dxc6 bxc6 27. Qa4 c5 28.
Be3 Ndf6 29. Bc1 d5 30. cxd5 Nxd5 31. Qb3 Nxb4 32. Re2 Qe6 33. Bh3 Nd3 34. Bxg4
hxg4 35. Be3 Qxb3 36. axb3 Rb8 37. Ra2 a6 38. Ra3 Rgb6 1/2-1/2

[Event "FRA-chT"]
[Site "FRA"]
[Date "1996.??.??"]
[Round "?"]
[White "Relange, Eloi"]
[Black "Moulain, Jean Pierre"]
[Result "1-0"]
[WhiteElo "2450"]
[BlackElo "2185"]
[PlyCount "101"]
[EventDate "1996.??.??"]
[Source "ChessBase"]

1. e4 e5 2. Nf3 Nc6 3. d4 exd4 4. Nxd4 Nf6 5. Nxc6 bxc6 6. e5 Qe7 7. Qe2 Nd5 8.
c4 Qb4+ 9. Nd2 Nf4 10. Qe3 Ne6 11. Bd3 Qc5 12. Qe4 Qd4 13. O-O Bc5 14. Kh1 Nf4
15. Bc2 Ba6 16. Qxd4 Bxd4 17. Nf3 Ne6 18. Nxd4 Nxd4 19. Bd3 c5 20. b3 Bb7 21.
Ba3 Ne6 22. Rad1 d6 23. exd6 cxd6 24. Bf5 Ke7 25. Rfe1 g6 26. Bxe6 fxe6 27. b4
Rac8 28. bxc5 dxc5 29. Re5 Rhd8 30. Rde1 Rc6 31. Bxc5+ Kf7 32. h3 Ba6 33. R1e4
Kf6 34. Bxa7 Bxc4 35. Ra5 Kf7 36. Rf4+ Kg8 37. Bd4 Ra6 38. Rc5 Bxa2 39. Rc7
Rxd4 40. Rxd4 Bd5 41. Rf4 Rc6 42. Rd7 g5 43. Rff7 Be4 44. Rg7+ Kf8 45. Rxg5 Rb6
46. Rc5 Rb8 47. Rcc7 Kg8 48. Re7 Bf5 49. g4 Be4+ 50. Kh2 Rf8 51. Kg1 1-0

[Event "FRA-chT"]
[Site "FRA"]
[Date "1996.??.??"]
[Round "?"]
[White "Relange, Eloi"]
[Black "Roos, Jean Luc"]
[Result "1-0"]
[WhiteElo "2450"]
[BlackElo "2325"]
[PlyCount "63"]
[EventDate "1996.??.??"]
[Source "ChessBase"]

1. d4 e6 2. Nf3 f5 3. g3 Nf6 4. Bg2 Be7 5. O-O O-O 6. c4 d6 7. Nc3 a5 8. Re1
Ne4 9. Qc2 Nc6 10. Nxe4 Nb4 11. Qb1 fxe4 12. Qxe4 e5 13. g4 exd4 14. a3 Na6 15.
Ng5 Bxg5 16. Qd5+ Kh8 17. Bxg5 Qe8 18. Qxd4 Nc5 19. Rad1 Qg6 20. Bh4 Bxg4 21.
Bg3 a4 22. h3 Bd7 23. e4 Rae8 24. e5 Nb3 25. Qh4 Bc6 26. exd6 Rxe1+ 27. Rxe1
Bxg2 28. d7 Qd3 29. Qe7 Rg8 30. Kxg2 Nd2 31. Qf7 Ne4 32. Bxc7 1-0

[Event "FRA-chT"]
[Site "FRA"]
[Date "1996.??.??"]
[Round "?"]
[White "Renet, Olivier"]
[Black "Chevallier, Didier"]
[Result "1/2-1/2"]
[WhiteElo "2505"]
[BlackElo "2300"]
[PlyCount "89"]
[EventDate "1996.??.??"]
[Source "ChessBase"]

1. e4 c5 2. Nf3 e6 3. d4 cxd4 4. Nxd4 Nf6 5. Nc3 Nc6 6. Nxc6 bxc6 7. e5 Nd5 8.
Ne4 Qc7 9. f4 Qa5+ 10. Bd2 Qb6 11. Bd3 Be7 12. Qe2 f5 13. exf6 Nxf6 14. O-O-O
Nxe4 15. Bxe4 Bf6 16. b3 Ba6 17. Qe1 Qd4 18. c3 Qc5 19. Kb2 Qa5 20. Be3 d5 21.
Bc2 c5 22. Bf2 Kf8 23. Bh4 Bxh4 24. Qxh4 Qd8 25. Qf2 Qd6 26. Rhe1 Rd8 27. Re5
g6 28. Rde1 Bc8 29. g4 Kg7 30. f5 Rhf8 31. Qd2 exf5 32. gxf5 Bxf5 33. Bxf5 Rxf5
34. Rxf5 gxf5 35. Qg5+ Kh8 36. Rg1 Qf8 37. Rf1 Qd6 38. Rxf5 Qxh2+ 39. Ka3 Qd6
40. Rf6 Qe7 41. Qf5 c4+ 42. Kb2 Qe2+ 43. Ka3 Qe7+ 44. Kb2 Qe2+ 45. Ka3 1/2-1/2

[Event "FRA-chT"]
[Site "FRA"]
[Date "1996.??.??"]
[Round "?"]
[White "Renet, Olivier"]
[Black "Dorfman, Itzhak"]
[Result "1/2-1/2"]
[WhiteElo "2505"]
[BlackElo "2210"]
[PlyCount "85"]
[EventDate "1996.??.??"]
[Source "ChessBase"]

1. d4 Nf6 2. c4 e6 3. Nf3 d5 4. Nc3 Bb4 5. cxd5 exd5 6. Bg5 h6 7. Bh4 c6 8. Qc2
g5 9. Bg3 Ne4 10. Nd2 Nxg3 11. hxg3 Qf6 12. e3 Nd7 13. Bd3 Nb6 14. Nf3 g4 15.
Ne5 Qg5 16. Qe2 Be6 17. Bc2 O-O-O 18. Nd3 Bd6 19. O-O-O h5 20. Kb1 Bf5 21. Rc1
Kb8 22. Nf4 Rde8 23. Ka1 Nd7 24. Bxf5 Qxf5 25. Nd3 Nf6 26. Rc2 Qg5 27. a3 h4
28. gxh4 Rxh4 29. Rxh4 Qxh4 30. g3 Qh7 31. Ka2 Qf5 32. Na4 Ne4 33. Nac5 Bxc5
34. Nxc5 Nxc5 35. Rxc5 Rh8 36. Qd2 Qf6 37. Qb4 Qe7 38. Qb3 Qf6 39. Rc2 Rh2 40.
Qb4 Rxf2 41. Rxf2 Qxf2 42. Qf8+ Kc7 43. Qe7+ 1/2-1/2

[Event "FRA-chT"]
[Site "FRA"]
[Date "1996.??.??"]
[Round "?"]
[White "Renet, Olivier"]
[Black "Santo Roman, Marc"]
[Result "1/2-1/2"]
[WhiteElo "2505"]
[BlackElo "2385"]
[PlyCount "133"]
[EventDate "1996.??.??"]
[Source "ChessBase"]

1. d4 f5 2. g3 Nf6 3. Bg2 g6 4. c4 Bg7 5. Nf3 O-O 6. O-O d6 7. Nc3 Qe8 8. b3
Na6 9. Ba3 h6 10. Qd3 g5 11. e3 Qg6 12. Rae1 c6 13. Nd2 Kh8 14. b4 Bd7 15. b5
Nc7 16. bxc6 bxc6 17. Rb1 Rab8 18. Nb3 Qh5 19. Qd1 Qf7 20. Na5 Rxb1 21. Qxb1 f4
22. Qb7 Qh5 23. f3 Ne6 24. Nxc6 fxe3 25. Ne2 Bxc6 26. Qxc6 Qg6 27. Bc1 Qd3 28.
Re1 Rb8 29. Bf1 Qb1 30. Qa4 Rb2 31. Qa3 Rxa2 32. Qxe3 Qf5 33. Bd2 g4 34. Bg2
gxf3 35. Bxf3 Ng4 36. Bxg4 Qxg4 37. Kh1 Nxd4 38. Nxd4 Bxd4 39. Qxh6+ Kg8 40.
Qg5+ Qxg5 41. Bxg5 e5 42. Be3 Bc3 43. Rc1 Bb4 44. c5 dxc5 45. Bxc5 Bd2 46. Rf1
a5 47. Rf2 Rb2 48. Ba3 Rb1+ 49. Kg2 Bc3 50. Kh3 Bd4 51. Rf8+ Kg7 52. Rc8 Rb3
53. Bf8+ Kf7 54. Bh6 Rb2 55. Ra8 Ra2 56. Bf8 Bg1 57. Kg4 Bxh2 58. Bb4 Ra4 59.
Rxa5 Rxb4+ 60. Kh3 Bxg3 61. Kxg3 Ke6 62. Kf2 Kf5 63. Ra3 Rb2+ 64. Ke1 Kf4 65.
Rc3 e4 66. Ra3 Rg2 67. Rb3 1/2-1/2

[Event "FRA-chT"]
[Site "FRA"]
[Date "1996.??.??"]
[Round "?"]
[White "Renet, Olivier"]
[Black "Schabanel, Stephane"]
[Result "1-0"]
[WhiteElo "2505"]
[BlackElo "2230"]
[PlyCount "81"]
[EventDate "1996.??.??"]
[Source "ChessBase"]

1. e4 c5 2. Nf3 d6 3. d4 cxd4 4. Nxd4 Nf6 5. Nc3 Nc6 6. Bc4 Qb6 7. Nb3 e6 8.
O-O Be7 9. Bg5 O-O 10. Bxf6 Bxf6 11. Qxd6 Rd8 12. Qg3 Be5 13. Qh3 Bd7 14. Nd1
a5 15. c3 a4 16. Nd2 Na5 17. Be2 Bb5 18. Bxb5 Qxb5 19. Nf3 Bf6 20. e5 Bxe5 21.
Qh5 Rd5 22. Ne3 Rc5 23. Nxe5 Rxe5 24. Qh4 Qxb2 25. Rad1 Qb6 26. Rd7 Rc5 27.
Rfd1 Rcc8 28. Ng4 Rf8 29. Qg3 e5 30. R7d6 Nc6 31. Nf6+ Kh8 32. Nd7 Qb2 33. R6d2
Qb5 34. Nxf8 Rxf8 35. h3 Qc5 36. Rd7 Qb5 37. Kh2 Nd4 38. Rc7 Ne6 39. Re7 Qc5
40. Rdd7 Kg8 41. Rxe6 1-0

[Event "FRA-chT"]
[Site "FRA"]
[Date "1996.??.??"]
[Round "?"]
[White "Renet, Olivier"]
[Black "Summerscale, Aaron"]
[Result "1/2-1/2"]
[WhiteElo "2505"]
[BlackElo "2500"]
[PlyCount "111"]
[EventDate "1996.??.??"]
[Source "ChessBase"]

1. e4 c5 2. Nf3 d6 3. d4 cxd4 4. Nxd4 Nf6 5. Nc3 g6 6. Be3 Bg7 7. f3 O-O 8. Qd2
Nc6 9. Bc4 Bd7 10. O-O-O Ne5 11. Bb3 Qa5 12. Bh6 Bxh6 13. Qxh6 Rfc8 14. Nd5
Nxd5 15. Bxd5 Bc6 16. Bb3 Ba4 17. Kb1 Bxb3 18. cxb3 Nc6 19. h4 Nxd4 20. Rxd4
Qe5 21. Rd5 Qg7 22. Qg5 Rc7 23. Rc1 f6 24. Qe3 Rc6 25. Ra5 Rxc1+ 26. Qxc1 e6
27. Ra4 Qe7 28. a3 b6 29. Rc4 Rd8 30. Rc7 Rd7 31. Rc8+ Kg7 32. g4 d5 33. h5 Rd8
34. Rc7 Rd7 35. Rc8 Rd8 36. h6+ Kf7 37. Rc7 Rd7 38. Rc8 Rd8 39. exd5 exd5 40.
Rc7 Rd7 41. Rc8 Rd8 42. Qc6 Rxc8 43. Qxc8 f5 44. gxf5 Kf6 45. Qc6+ Kxf5 46.
Qxd5+ Kf4 47. Ka2 g5 48. Qd4+ Kf5 49. Qg7 Ke6 50. Qg8+ Qf7 51. Qxg5 Qxf3 52. a4
Qf6 53. Qh5 Qf7 54. Qg5 Qf6 55. Qh5 Qf7 56. Qg5 1/2-1/2

[Event "FRA-chT"]
[Site "FRA"]
[Date "1996.??.??"]
[Round "?"]
[White "Rocher, Oliver"]
[Black "Eustache, Boris"]
[Result "1/2-1/2"]
[WhiteElo "2215"]
[BlackElo "2080"]
[PlyCount "107"]
[EventDate "1996.??.??"]
[Source "ChessBase"]

1. d4 e6 2. g3 d5 3. Bg2 Nf6 4. Nf3 Be7 5. O-O O-O 6. Nbd2 c5 7. dxc5 Bxc5 8.
c4 dxc4 9. Nxc4 Qxd1 10. Rxd1 Ng4 11. e3 f6 12. h3 Nh6 13. e4 Nf7 14. Be3 Bxe3
15. Nxe3 Nc6 16. Rac1 Rd8 17. Rxd8+ Nfxd8 18. Nc4 Nf7 19. e5 Kf8 20. Rd1 Ke7
21. exf6+ gxf6 22. Nd4 Nxd4 23. Rxd4 e5 24. Rh4 h6 25. Na5 Rb8 26. Bd5 Be6 27.
Bxb7 Nd8 28. Rxh6 Rxb7 29. Rh7+ Bf7 30. Nxb7 Nxb7 31. a3 Nd6 32. b4 Nb5 33. a4
Nc3 34. a5 a6 35. Rh8 Be8 36. Rh7+ Ke6 37. Rc7 Nd5 38. Rb7 Bc6 39. Rb8 Kf5 40.
h4 Nc3 41. Rb6 Bb5 42. f3 Ne2+ 43. Kf2 Nd4 44. g4+ Kg6 45. g5 Nc6 46. gxf6 Kxf6
47. Ke3 Kf5 48. h5 Kg5 49. Ke4 Kxh5 50. Kd5 Nxb4+ 51. Kxe5 Nc6+ 52. Rxc6 Bxc6
53. f4 Kg6 54. f5+ 1/2-1/2

[Event "FRA-chT"]
[Site "FRA"]
[Date "1996.??.??"]
[Round "?"]
[White "Roos, Daniel"]
[Black "Apicella, Manuel"]
[Result "0-1"]
[WhiteElo "2420"]
[BlackElo "2560"]
[PlyCount "77"]
[EventDate "1996.??.??"]
[Source "ChessBase"]

1. d4 Nf6 2. Nf3 g6 3. Bf4 Bg7 4. e3 c5 5. c3 Qb6 6. Qb3 d6 7. Nbd2 O-O 8. Bd3
Nc6 9. O-O Bg4 10. h3 Bxf3 11. Nxf3 Rfe8 12. dxc5 Qxb3 13. axb3 e5 14. Bg5 e4
15. cxd6 exf3 16. gxf3 Rad8 17. Bb5 Re5 18. Bxf6 Bxf6 19. Bxc6 Rg5+ 20. Kh1
bxc6 21. Rfd1 a5 22. Ra4 Rb5 23. Rd2 Kf8 24. Rc4 c5 25. f4 Rb6 26. Rxc5 Rbxd6
27. Rxd6 Rxd6 28. Rxa5 Rd2 29. c4 Rxf2 30. c5 Rxb2 31. Rb5 Rc2 32. b4 Rc4 33.
Rb6 Bc3 34. c6 Bd2 35. b5 Bxe3 36. Rb7 Bxf4 37. Kg2 Rc5 38. Kf3 Bh2 39. Ke4 0-1

[Event "FRA-chT"]
[Site "FRA"]
[Date "1996.??.??"]
[Round "?"]
[White "Roos, Daniel"]
[Black "De Sousa, Jose"]
[Result "1-0"]
[WhiteElo "2420"]
[BlackElo "2285"]
[PlyCount "53"]
[EventDate "1996.??.??"]
[Source "ChessBase"]

1. Nf3 c5 2. g3 b6 3. Bg2 Bb7 4. O-O Nf6 5. d3 e6 6. e4 d6 7. Nbd2 Be7 8. Qe2
Nbd7 9. Ne1 Qc7 10. f4 e5 11. Nc4 O-O-O 12. Nf3 h6 13. fxe5 dxe5 14. Bh3 Bd6
15. Bd2 Kb8 16. Nh4 b5 17. Ba5 Nb6 18. Nxd6 Qxd6 19. Nf5 Qf8 20. Qf2 Rc8 21.
Bxb6 axb6 22. Nxg7 Rc6 23. Ne6 fxe6 24. Qxf6 Qxf6 25. Rxf6 c4 26. Raf1 b4 27.
Bxe6 1-0

[Event "FRA-chT"]
[Site "FRA"]
[Date "1996.??.??"]
[Round "?"]
[White "Roos, Daniel"]
[Black "Nemety, Laslo"]
[Result "1-0"]
[WhiteElo "2420"]
[BlackElo "2170"]
[PlyCount "76"]
[EventDate "1996.??.??"]
[Source "ChessBase"]

1. Nf3 e6 2. g3 Ne7 3. b3 c5 4. Bb2 Nbc6 5. Bg2 Nf5 6. O-O Be7 7. e4 Nfd4 8.
Ne1 e5 9. Nc3 O-O 10. Nd5 d6 11. c3 Nb5 12. Nc2 f5 13. Qe2 Nc7 14. exf5 Bxf5
15. Nce3 Be6 16. Rad1 Bg5 17. d4 Bxe3 18. Nxe3 cxd4 19. cxd4 exd4 20. Bxd4 Nxd4
21. Rxd4 Rb8 22. Rfd1 Ne8 23. Nc4 Bxc4 24. Qxc4+ Kh8 25. Rf4 Rf6 26. Qd4 b6 27.
Rxf6 gxf6 28. Bc6 Qe7 29. Bxe8 Rxe8 30. Qxd6 Qf7 31. Kg2 Re7 32. Rd4 Re6 33.
Qd5 Kg7 34. Rg4+ Kf8 35. Rc4 Kg7 36. Qa8 Re7 37. Rg4+ Kh6 38. Qf3 f5 1-0

[Event "FRA-chT"]
[Site "FRA"]
[Date "1996.??.??"]
[Round "?"]
[White "Roos, Daniel"]
[Black "Salus, Stephane"]
[Result "1/2-1/2"]
[WhiteElo "2420"]
[BlackElo "2260"]
[PlyCount "121"]
[EventDate "1996.??.??"]
[Source "ChessBase"]

1. Nf3 Nf6 2. g3 g6 3. b3 Bg7 4. Bb2 O-O 5. Bg2 d6 6. d4 Nc6 7. O-O e5 8. dxe5
Nd7 9. Nc3 Ndxe5 10. Nxe5 Bxe5 11. Rb1 Ne7 12. Qd2 Rb8 13. Rfd1 Bf5 14. h3 h5
15. Ne4 Bxb2 16. Rxb2 Bxe4 17. Bxe4 Qc8 18. Bg2 Re8 19. c4 Qf5 20. Qc3 Nc6 21.
Rd5 Qe6 22. Rbd2 Ne7 23. R5d3 b6 24. Kh2 Nf5 25. Bc6 Rf8 26. b4 Qe7 27. Rd5
Rfd8 28. Ba4 Ng7 29. Qf3 h4 30. g4 Ne6 31. Qe3 Qf6 32. g5 Qf4+ 33. Qxf4 Nxf4
34. R5d4 Ne6 35. Rg4 c5 36. a3 Kg7 37. e3 Rb7 38. Bc6 Re7 39. Kg2 cxb4 40. axb4
a5 41. Rxh4 axb4 42. Rb2 Rc7 43. Bd5 Nxg5 44. Rxb4 Rb8 45. Rd4 Kf6 46. Rd2 Ra7
47. Rdb2 Ra6 48. h4 Ne6 49. Kg3 Ng7 50. Kg4 Ke7 51. Rb5 Ne8 52. Bf3 Nf6+ 53.
Kg3 Nd7 54. Bd5 Nc5 55. Rb1 Nd7 56. R5b2 Nf6 57. Rd1 Ra5 58. Rbd2 Rxd5 59. Rxd5
Nxd5 60. Rxd5 Rc8 61. Rb5 1/2-1/2

[Event "FRA-chT"]
[Site "FRA"]
[Date "1996.??.??"]
[Round "?"]
[White "Roos, Daniel"]
[Black "Tkachiev, Vladislav"]
[Result "0-1"]
[WhiteElo "2420"]
[BlackElo "2620"]
[PlyCount "64"]
[EventDate "1996.??.??"]
[Source "ChessBase"]

1. Nf3 Nf6 2. g3 g6 3. b3 d6 4. d4 c5 5. Bg2 cxd4 6. O-O e5 7. c3 Nc6 8. cxd4
e4 9. Ne1 Bg7 10. Nc3 d5 11. Nc2 O-O 12. b4 Be6 13. a4 Rc8 14. Ra3 Ne8 15. e3
Nd6 16. f3 exf3 17. Qxf3 Bf5 18. Qd1 Ne7 19. Ne1 Ne4 20. Nxe4 Bxe4 21. Nd3 Nf5
22. Nc5 Bxg2 23. Kxg2 b6 24. Nd3 Nd6 25. Nf4 Ne4 26. Qd3 Rc4 27. Bd2 Qd7 28.
Raa1 Rfc8 29. Ra2 h5 30. Rb1 h4 31. Rbb2 h3+ 32. Kf3 g5 0-1

[Event "FRA-chT"]
[Site "FRA"]
[Date "1996.??.??"]
[Round "?"]
[White "Roos, Daniel"]
[Black "Vaisman, Volodia"]
[Result "1-0"]
[WhiteElo "2420"]
[BlackElo "2385"]
[PlyCount "85"]
[EventDate "1996.??.??"]
[Source "ChessBase"]

1. Nf3 c5 2. g3 b6 3. Bg2 Bb7 4. O-O Nf6 5. d3 e6 6. e4 Be7 7. Nbd2 d5 8. e5
Nfd7 9. Re1 Nc6 10. h4 Qc7 11. Qe2 h6 12. h5 Rg8 13. c3 g6 14. hxg6 Rxg6 15.
Nf1 O-O-O 16. a3 c4 17. d4 Na5 18. Bf4 Nb3 19. Rad1 Rdg8 20. N3d2 Nxd2 21. Rxd2
b5 22. Bf3 Bg5 23. Bxg5 Rxg5 24. Qd1 Nb6 25. Ne3 Rh8 26. Bh5 Bc6 27. Ng2 Be8
28. Nf4 a5 29. Nh3 Rg7 30. Kh2 Qe7 31. Re3 Nd7 32. a4 b4 33. b3 Nb6 34. Ra2 Kb7
35. cxb4 axb4 36. a5 cxb3 37. Rxb3 Nc4 38. Qb1 Ka7 39. Rxb4 Bc6 40. a6 Ka8 41.
Rb7 Qd8 42. Nf4 Qg5 43. Rd7 1-0

[Event "FRA-chT"]
[Site "FRA"]
[Date "1996.??.??"]
[Round "?"]
[White "Roos, Jean Luc"]
[Black "Cruz Lopez Claret, Carlos"]
[Result "1/2-1/2"]
[WhiteElo "2325"]
[BlackElo "2295"]
[PlyCount "68"]
[EventDate "1996.??.??"]
[Source "ChessBase"]

1. e4 e5 2. Nf3 Nc6 3. Bc4 Nf6 4. d3 Bc5 5. O-O O-O 6. c3 d6 7. Nbd2 a6 8. Bb3
Ba7 9. Re1 Ng4 10. Re2 Kh8 11. h3 Nh6 12. Nf1 f5 13. Bg5 Qe8 14. Bxh6 gxh6 15.
exf5 Bxf5 16. Qd2 Bxh3 17. Qxh6 Bf5 18. d4 Qg6 19. Qxg6 Bxg6 20. dxe5 Nxe5 21.
Nxe5 dxe5 22. Ne3 Bd3 23. Rd2 Bxe3 24. fxe3 e4 25. Bc2 Bxc2 26. Rxc2 Rad8 27.
Rf1 Rxf1+ 28. Kxf1 Kg7 29. Ke2 Kf6 30. Rc1 Rg8 31. Kf2 Rd8 32. Ke2 Rg8 33. Kf2
Rd8 34. Ke2 Rg8 1/2-1/2

[Event "FRA-chT"]
[Site "FRA"]
[Date "1996.??.??"]
[Round "?"]
[White "Roos, Jean Luc"]
[Black "Desbones, Samy"]
[Result "1-0"]
[WhiteElo "2325"]
[BlackElo "2245"]
[PlyCount "61"]
[EventDate "1996.??.??"]
[Source "ChessBase"]

1. e4 c5 2. Nc3 Nc6 3. g3 g6 4. Bg2 Bg7 5. d3 d6 6. f4 e6 7. Nf3 Nge7 8. O-O
O-O 9. Be3 b6 10. Bf2 d5 11. e5 a6 12. a4 Qc7 13. Re1 Bd7 14. g4 Nb4 15. Qd2 b5
16. Bh4 Bc6 17. d4 bxa4 18. Nxa4 Bxa4 19. Rxa4 a5 20. c3 Na6 21. Rea1 cxd4 22.
Rxa5 dxc3 23. bxc3 f6 24. Rxa6 Rxa6 25. Rxa6 fxe5 26. Rxe6 Qa7+ 27. Kh1 g5 28.
Bxg5 Ng6 29. f5 e4 30. Ng1 Ne5 31. Qxd5 1-0

[Event "FRA-chT"]
[Site "FRA"]
[Date "1996.??.??"]
[Round "?"]
[White "Roos, Jean Luc"]
[Black "Laclau, Daniel"]
[Result "1/2-1/2"]
[WhiteElo "2325"]
[BlackElo "2310"]
[PlyCount "118"]
[EventDate "1996.??.??"]
[Source "ChessBase"]

1. e4 c5 2. Nc3 Nc6 3. g3 d6 4. Bg2 Nf6 5. d3 e6 6. Nge2 Be7 7. O-O a6 8. h3
Qc7 9. a4 b6 10. f4 Bb7 11. f5 O-O-O 12. Nf4 Nd4 13. fxe6 fxe6 14. Nce2 Qd7 15.
h4 Rhe8 16. Nxd4 cxd4 17. Bh3 Bf8 18. c3 dxc3 19. bxc3 d5 20. e5 Ng8 21. Nxe6
Rxe6 22. Qg4 Re7 23. Qxd7+ Rexd7 24. Rf7 Bc6 25. e6 Re7 26. Ba3 Kb8 27. Bxe7
Bxe7 28. Rxg7 h6 29. d4 Kc7 30. Kg2 Kd6 31. Bf5 b5 32. a5 Nf6 33. Rf1 Rg8 34.
Rxg8 Nxg8 35. Kf3 Bd8 36. Ra1 Nf6 37. Kf4 Ne4 38. Ra3 Bc7 39. g4 Bd8 40. h5 Ng5
41. Ra1 Nxe6+ 42. Ke3 Bg5+ 43. Kd3 Bb7 44. Kc2 Ng7 45. Bd3 Bc6 46. Rf1 Bd7 47.
Rf7 Ne8 48. Bf5 Nf6 49. Bxd7 Nxd7 50. Kb3 Nb8 51. Rb7 Nc6 52. Rb6 Bd8 53. Rxa6
Kc7 54. Ra8 Kb7 55. Rxd8 Nxd8 56. Kb4 Kc6 57. Kb3 Ne6 58. Kb4 Nf4 59. Kb3 Ne6
1/2-1/2

[Event "FRA-chT"]
[Site "FRA"]
[Date "1996.??.??"]
[Round "?"]
[White "Roos, Jean Luc"]
[Black "Michalet, Guy"]
[Result "1-0"]
[WhiteElo "2325"]
[BlackElo "2240"]
[PlyCount "75"]
[EventDate "1996.??.??"]
[Source "ChessBase"]

1. b3 g6 2. Bb2 Nf6 3. e3 Bg7 4. f4 d6 5. Nf3 e5 6. fxe5 Ng4 7. Bc4 O-O 8. Nc3
dxe5 9. e4 Nc6 10. O-O Nd4 11. Ba3 Be6 12. Bxe6 Nxe6 13. h3 Nf6 14. Bxf8 Qxf8
15. Qe1 c6 16. Qf2 Nh5 17. Rad1 b6 18. Ne2 c5 19. Nc3 Qd6 20. Nd5 Rf8 21. Qh4
f6 22. Nh2 Nef4 23. Nxf4 exf4 24. Qe1 Ng3 25. Nf3 Nxf1 26. Qxf1 f5 27. Qc4+ Kh8
28. exf5 Rxf5 29. Re1 Rf8 30. Re4 Qf6 31. Ne5 Qf5 32. Qd5 h6 33. c4 Kh7 34. d3
Qh5 35. Qd7 Qg5 36. Nf3 Qf5 37. Re7 Rf7 38. Rxf7 1-0

[Event "FRA-chT"]
[Site "FRA"]
[Date "1996.??.??"]
[Round "?"]
[White "Roos, Jean Luc"]
[Black "Pira, Davoud"]
[Result "0-1"]
[WhiteElo "2325"]
[BlackElo "2330"]
[PlyCount "184"]
[EventDate "1996.??.??"]
[Source "ChessBase"]

1. e4 c6 2. d4 d5 3. Nd2 dxe4 4. Nxe4 Nd7 5. Nf3 Ngf6 6. Nxf6+ Nxf6 7. Ne5 Nd7
8. Nf3 e6 9. Bd3 c5 10. O-O cxd4 11. Nxd4 Bc5 12. Be3 Be7 13. c3 O-O 14. Qc2
Nf6 15. Rfd1 Qc7 16. Nb5 Qb8 17. Bg5 g6 18. Bh4 a6 19. Bg3 e5 20. Re1 axb5 21.
Bxe5 Qa7 22. Bd4 b6 23. Bxb5 Be6 24. a4 Qc7 25. h3 Nd5 26. Qd2 Rfd8 27. Qh6 Bf6
28. Rad1 Bxd4 29. Rxd4 Nf6 30. Qh4 Rxd4 31. Qxd4 Nd5 32. Rd1 Rb8 33. Rd2 Qf4
34. Bc6 Qxd4 35. Rxd4 Ne7 36. Bf3 Kf8 37. b4 Ke8 38. Rd1 Rd8 39. Ra1 Bd5 40.
Be2 Rc8 41. Bb5+ Bc6 42. Ba6 Ra8 43. b5 Bd5 44. a5 bxa5 45. Ra4 Nc8 46. Rxa5
Nb6 47. Ra1 Ke7 48. Rd1 Rd8 49. Kh2 Rd6 50. Rd4 Re6 51. Kg3 Re4 52. Rxe4+ Bxe4
53. f3 Bd3 54. h4 Ke6 55. h5 g5 56. f4 f6 57. fxg5 fxg5 58. h6 Ke5 59. Kg4 Kf6
60. Kf3 Nd5 61. Bb7 Nxc3 62. Ke3 Bxb5 63. Kd2 Ne2 64. Be4 Nf4 65. Bxh7 Nxg2 66.
Be4 Bf1 67. Kc3 Ne3 68. Kd4 Ng4 69. h7 Kg7 70. Bf5 Nf6 71. h8=Q+ Kxh8 72. Ke5
Kg7 73. Be6 Bd3 74. Kd4 Bc2 75. Ke3 Nh5 76. Bg4 Nf4 77. Bf3 Ng6 78. Kd4 Kf6 79.
Bg4 Ne5 80. Bc8 Bf5 81. Bb7 g4 82. Bg2 Ng6 83. Ke3 Ke5 84. Bh1 Nf4 85. Ba8 Be6
86. Bb7 Nd5+ 87. Kf2 Kf4 88. Kg1 g3 89. Bc6 Ne3 90. Bg2 Bd5 91. Bf1 Nc2 92. Ba6
Bf3 0-1

[Event "FRA-chT"]
[Site "FRA"]
[Date "1996.??.??"]
[Round "?"]
[White "Roos, Jean Luc"]
[Black "Rotstein, Arkadij"]
[Result "0-1"]
[WhiteElo "2325"]
[BlackElo "2475"]
[PlyCount "108"]
[EventDate "1996.??.??"]
[Source "ChessBase"]

1. e4 c5 2. Nc3 Nc6 3. g3 g6 4. Bg2 Bg7 5. d3 d6 6. f4 e6 7. Nf3 Nge7 8. O-O
O-O 9. Be3 Nd4 10. Bf2 Nxf3+ 11. Qxf3 Nc6 12. e5 Nd4 13. Qd1 dxe5 14. fxe5 Bxe5
15. Ne4 Nf5 16. c3 c4 17. Bc5 Re8 18. d4 Bg7 19. g4 Ne3 20. Qf3 Nxf1 21. Rxf1
Qd7 22. Nf6+ Bxf6 23. Qxf6 e5 24. d5 a5 25. h3 Ra6 26. Qf2 b5 27. d6 Bb7 28.
Bxb7 Qxb7 29. Rd1 Qd7 30. Qe3 Rc6 31. Rd5 f6 32. a4 bxa4 33. Qe4 Kg7 34. Ba3 f5
35. Qe2 fxg4 36. Rxe5 Rcc8 37. Re7+ Rxe7 38. dxe7 Qa7+ 39. Kh2 Qc7+ 40. Kh1
Qb7+ 41. Kg1 Qb6+ 42. Kh1 Qc6+ 43. Kh2 gxh3 44. Kxh3 Kf7 45. Kh2 h5 46. Qe5 h4
47. Bc5 Qf3 48. Qd4 Qe2+ 49. Kg1 h3 50. Qf4+ Kg7 51. Qf8+ Kh7 52. Qf7+ Kh6 53.
Bf2 Qe4 54. Kf1 h2 0-1

[Event "FRA-chT"]
[Site "FRA"]
[Date "1996.??.??"]
[Round "?"]
[White "Roos, Louis"]
[Black "Bernard, Christophe"]
[Result "1-0"]
[WhiteElo "2375"]
[BlackElo "2370"]
[PlyCount "67"]
[EventDate "1996.??.??"]
[Source "ChessBase"]

1. c4 Nf6 2. Nc3 g6 3. g3 Bg7 4. Bg2 O-O 5. e4 c5 6. Nge2 Nc6 7. O-O Ne8 8. f4
Nc7 9. d3 Ne6 10. f5 Ned4 11. g4 e6 12. Nxd4 Nxd4 13. Rb1 d6 14. Kh1 Rb8 15.
Be3 Bd7 16. Qd2 exf5 17. gxf5 gxf5 18. Bh6 f6 19. Rg1 Rf7 20. exf5 Kh8 21. Bd5
Bc6 22. Bxg7+ Rxg7 23. Rxg7 Kxg7 24. Rg1+ Kh8 25. Qf4 Qe7 26. Qg4 Qf7 27. Ne4
Bxd5 28. cxd5 Rd8 29. Rg2 Nb5 30. Qh4 Nc7 31. Nxf6 Rf8 32. Ne4 Qxf5 33. Rf2 Qc8
34. Ng5 1-0

[Event "FRA-chT"]
[Site "FRA"]
[Date "1996.??.??"]
[Round "?"]
[White "Roos, Louis"]
[Black "Coupet, Pascal"]
[Result "1-0"]
[WhiteElo "2375"]
[BlackElo "2295"]
[PlyCount "91"]
[EventDate "1996.??.??"]
[Source "ChessBase"]

1. c4 f5 2. Nc3 Nf6 3. g3 g6 4. Bg2 Bg7 5. e3 O-O 6. Nge2 e5 7. d4 e4 8. O-O c6
9. f3 d5 10. cxd5 cxd5 11. Qb3 Kh8 12. Nf4 Nc6 13. fxe4 dxe4 14. h3 g5 15. Ne6
Na5 16. Nxd8 Nxb3 17. axb3 Rxd8 18. Bd2 Be6 19. Ra5 h6 20. b4 Nh5 21. Be1 b6
22. Ra1 Nf6 23. Kh2 Rd7 24. Rf2 Rf8 25. Bf1 Nd5 26. Bb5 Re7 27. Bd2 f4 28. Nxd5
Bxd5 29. exf4 e3 30. Re2 gxf4 31. gxf4 Rxf4 32. Bxe3 Rxe3 33. Rxe3 Rf2+ 34. Kg1
Rg2+ 35. Kf1 Bxd4 36. Re8+ Kg7 37. Rxa7+ Kf6 38. Rf8+ Ke6 39. Re8+ Kf6 40. Rd7
Rg1+ 41. Ke2 Rg5 42. Rf8+ Ke6 43. Rfd8 Bb3 44. Rd6+ Ke7 45. R8d7+ Kf8 46. Rc7
1-0